Drivers of the 2001 F1 season - Statistics

General Stats
  • This quiz has been taken 8 times
  • The average score is 11 of 30
Answer Stats
Team No. Rounds Answer % Correct
Ferrari 1 All Michael Schumacher
100%
McLaren 4 All David Coulthard
50%
Minardi 21 All Fernando Alonso
50%
Benetton 7 All Giancarlo Fisichella
50%
BAR 10 All Jacques Villeneuve
50%
Jordan 11 13-17 Jarno Trulli
50%
Benetton 8 All Jenson Button
50%
Arrows 14 All Jos Verstappen
50%
Williams 6 All Juan Pablo Montoya
50%
McLaren 3 All Mika Häkkinen
50%
Williams 5 All Ralf Schumacher
50%
Ferrari 2 All Rubens Barrichello
50%
Jaguar 18 All Eddie Irvine
33%
Jordan 11 1-11 Heinz-Harald Frentzen
33%
Prost 22 13-17 Heinz-Harald Frentzen
33%
Jordan 12 1-12 Jarno Trulli
33%
Jordan 12 13-17 Jean Alesi
33%
Prost 22 1-12 Jean Alesi
33%
Sauber 17 All Kimi Räikkönen
33%
Sauber 16 All Nick Heidfeld
33%
BAR 9 All Olivier Panis
33%
Jaguar 19 5-17 Pedro de la Rosa
33%
Jordan 11 8,12 Ricardo Zonta
33%
Minardi 20 15-17 Alex Yoong
17%
Arrows 15 All Enrique Bernoldi
17%
Prost 23 1-4 Gastón Mazzacane
17%
Jaguar 19 1-4 Luciano Burti
17%
Prost 23 5-14 Luciano Burti
17%
Minardi 20 1-14 Tarso Marques
17%
Prost 23 15-17 Tomáš Enge
17%
No matching quizzes found
Score Distribution
Percent of People with Each Score
Percentile by Number Answered
Your Score History
You have not taken this quiz